La fabrication des desserts lactés frais

Guardat en:
Dades bibliogràfiques
Autor principal: Philippe Mayade
Format: Llibre
Idioma:Undetermined
Publicat: Duon, Fr Educagri 2002
Matèries:
Etiquetes: Afegir etiqueta
Sense etiquetes, Sigues el primer a etiquetar aquest registre!
Thư viện lưu trữ: Trung tâm Học liệu Trường Đại học Cần Thơ
LEADER 00493nam a2200181Ia 4500
001 CTU_56446
008 210402s9999 xx 000 0 und d
082 |a 664 
082 |b C697 
100 |a Philippe Mayade 
245 0 |a La fabrication des desserts lactés frais 
245 0 |c Philippe Mayade 
260 |a Duon, Fr 
260 |b Educagri 
260 |c 2002 
650 |a food,food industry and trade 
650 |x biotechology 
980 |a Trung tâm Học liệu Trường Đại học Cần Thơ